000 00788nam a22002657a 4500
001 00501
003 DO-SdBNP
005 20180207105239.0
007 00501
008 160608b sp 1985||||| |||| 00| 0 spa d
020 _a8486311241
040 _aBPMSU
_bspa
_cBPMSU
092 _axxxxxxx
_bxxxxxxx
100 1 _aArnold, Alan
245 1 3 _aEl secreto de la piramide /
_cAlan Arnold ; traducción Jordi Fibla
260 _aBarcelona :
_bVersal,
_c1985.
300 _a171 p. :
_c21 cm.
490 1 _aBest seller senator
500 _3El extraordinario film sobre la primera aventura de "El joven Sherlock Holmes"
700 1 _aFibla, Jordi,
_etr.
830 0 _aBest seller senator
942 _2ddc
_cBK
945 _ainventariado, 2018 / dg
956 _aBTAVÄREZ
_b10
_c06082016
_d00501
999 _c10317
_d10317